| 000 | 00537nam a22001577a 4500 | ||
|---|---|---|---|
| 005 | 20120419122011.0 | ||
| 020 | _c380.00 | ||
| 035 | _aB-106955 | ||
| 037 |
_aDPL _bENG |
||
| 100 |
_aSingh, Balwant _945388 |
||
| 245 |
_aSorrows of the suppressed / _cby Balwant Singh |
||
| 260 |
_aSaharanpur _bAmbedkar Mission Publication _c2004 |
||
| 300 |
_a209p. _c20 cms. |
||
| 942 |
_2ddc _cEN _h305.5 _mBAL |
||
| 999 |
_c65267 _d65267 |
||